000 00360nam a2200109Ia 4500
008 201217s9999 xx 000 0 und d
100 _aRaza, Moonis and Aggarwal, Yash
245 0 _aTransport Geography of India : Commodity flows and the regional structure of the Indian economy
260 _aNew Delhi
_bConcept Publishing Company
300 _a299
942 _cBK
999 _c7494
_d7494